[Event "Hand by hand (mano a mano)"]
[Site "SchemingMind.com"]
[Date "2006.03.28"]
[Round "-"]
[White "e_castle3"]
[Black "Magnanimous"]
[Result "1-0"]
[WhiteCountry "PHI"]
[BlackCountry "CAN"]
[WhiteElo "1680"]
[WhiteRD "74"]
[BlackElo "1425"]
[BlackRD "89"]
[GameID "44312"]

1. e4 c5 2. Nf3 d6 3. Bc4 h6 4. O-O g6 5. Re1 Nc6 6. c3 Bg7 7. Na3 a6 8. d4 cxd4 9. cxd4 Bd7 10. Nc2 Qc7
11. Bf1 e6 12. Bf4 Qb6 13. Bxd6 Qxb2 14. Rb1 Qxa2 15. Rxb7 Na5 16. Rc7 Rc8 17. Qd3 Rxc7 18. Bxc7 Nc6 19. Ra1 Qb2 20. Rxa6 Nge7
21. Ra8+ Bc8 22. d5 exd5 23. exd5 O-O 24. dxc6 Bf5 25. Rxf8+ Bxf8 26. Qc4 Bxc2 27. Be5 Qb1 28. c7 Nc8 29. Bc3 Bf5 30. Qd4 f6
31. Qxf6 Bd3 32. Qh8+ Kf7 33. Ne5+ Ke8 34. Nxd3 Qb6 35. Qe5+ Be7 36. Nf4 Nd6 37. Nd5 Qxf2+ 38. Kxf2 Ne4+ 39. Qxe4 Kd7 40. Bb5+ Kc8
41. Nxe7+ Kxc7 42. Qc6+ Kb8 43. Be5+ Ka7 44. Qa6#
1-0

[Event "Hand by hand (mano a mano)"]
[Site "SchemingMind.com"]
[Date "2006.03.28"]
[Round "-"]
[White "e_castle3"]
[Black "dvaldez"]
[Result "0-1"]
[WhiteCountry "PHI"]
[BlackCountry "CAN"]
[WhiteElo "1723"]
[WhiteRD "70"]
[BlackElo "1806"]
[BlackRD "83"]
[GameID "44313"]

1. e4 c5 2. Nf3 Nc6 3. Bc4 e6 4. O-O d6 5. Re1 Nf6 6. c3 Be7 7. d4 cxd4 8. cxd4 O-O 9. Nc3 a6 10. Bf4 b5
11. Bf1 d5 12. e5 Nd7 13. a3 Bb7 14. Rc1 Qb6 15. b4 f6 16. Bg3 fxe5 17. dxe5 Rac8 18. Ne2 a5 19. Ned4 Nxd4 20. Qxd4 axb4
21. axb4 Qxd4 22. Nxd4 Bxb4 23. Rxc8 Rxc8 24. Nxe6 Bxe1
0-1

[Event "Hand by hand (mano a mano)"]
[Site "SchemingMind.com"]
[Date "2006.03.28"]
[Round "-"]
[White "e_castle3"]
[Black "griffimv"]
[Result "0-1"]
[WhiteCountry "PHI"]
[BlackCountry "INT"]
[WhiteElo "1712"]
[WhiteRD "72"]
[BlackElo "2145"]
[BlackRD "73"]
[GameID "44314"]

1. e4 c5 2. Nf3 d6 3. Bc4 Nf6 4. Nc3 Nc6 5. O-O e6 6. Re1 a6 7. Bf1 e5 8. d3 Be7 9. Bg5 O-O 10. Bxf6 Bxf6
11. Nd5 Be6 12. Nxf6+ Qxf6 13. c3 b5 14. Qc2 Qg6 15. Re3 a5 16. Rd1 a4 17. d4 exd4 18. cxd4 Bxa2 19. Qd2 Rab8 20. d5 Nb4
21. Nh4 Qf6 22. Nf5 Bb3 23. Rc1 Kh8 24. Rh3 Bxd5 25. Ng3 Be6 26. Rh5 Bg4 27. Rg5 h6 28. Rxg4 Nc6 29. Nf5 Nd4 30. Nxd4 Qxd4
31. Qxd4 cxd4 32. Rg3 Rfe8 33. f3 b4 34. Ra1 a3 35. bxa3 b3 36. Rb1 Rec8 37. f4 b2 38. Bd3 Rc1+ 39. Kf2 Rb3 40. Ke2 Rxd3
41. Kxd3 Rxb1 42. Kc2 Re1 43. Kxb2 Rxe4 44. Rf3 Re2+ 45. Kb3 Rxg2 46. h3 Rd2 47. Kc4 Kg8 48. Rd3 Rc2+ 49. Kxd4 Rc5 50. Rc3 Ra5
51. Kc4 Rf5 52. Rd3 Rxf4+ 53. Kd5 g5 54. Kxd6 h5 55. Ke5 f6+ 56. Ke6 Kg7 57. Rb3 g4 58. hxg4 hxg4 59. Re3 Rf3 60. Re4 g3
61. a4 f5 62. Rb4 g2
0-1

[Event "Hand by hand (mano a mano)"]
[Site "SchemingMind.com"]
[Date "2006.03.28"]
[Round "-"]
[White "e_castle3"]
[Black "gz4bkn"]
[Result "1-0"]
[WhiteCountry "PHI"]
[BlackCountry "USA"]
[WhiteElo "1671"]
[WhiteRD "70"]
[BlackElo "1265"]
[BlackRD "111"]
[GameID "44315"]

1. e4 e5 2. Nf3 Nc6 3. Bc4 Nf6 4. d3 Bc5 5. O-O O-O 6. Be3 Bxe3 7. fxe3 d5 8. exd5 Nxd5 9. Nc3 Nxc3 10. bxc3 Bg4
11. Qe1 Qe7 12. Qg3 Bd7 13. Rab1 Bc8 14. Ng5 Nd8 15. Rb5 h6 16. Rxe5 Qd7 17. Ne4 a6 18. Nf6+
1-0

[Event "Hand by hand (mano a mano)"]
[Site "SchemingMind.com"]
[Date "2006.03.28"]
[Round "-"]
[White "e_castle3"]
[Black "iain"]
[Result "1-0"]
[WhiteCountry "PHI"]
[BlackCountry "USA"]
[WhiteElo "1680"]
[WhiteRD "74"]
[BlackElo "1230"]
[BlackRD "76"]
[GameID "44316"]

1. e4 d6 2. Nf3 Nf6 3. Nc3 g6 4. Bc4 Bg7 5. O-O O-O 6. Re1 Bg4 7. h3 Bxf3 8. Qxf3 Nc6 9. d3 Nd4 10. Qd1 e5
11. Be3 Nh5 12. Ne2 Nxe2+ 13. Qxe2 Nf4 14. Bxf4 exf4 15. c3 c6 16. Qg4 g5 17. d4 d5 18. exd5 cxd5 19. Bd3 Qf6 20. Re5 Rae8
21. Rxg5 h6 22. Rxd5 Re7 23. Rf5 Qd6 24. Rxf4 Rfe8 25. Re4 a6 26. Rae1 b5 27. Rxe7 Rxe7 28. Rxe7 Qxe7 29. Qc8+ Bf8 30. Qxa6 Qe1+
31. Bf1 b4 32. Qc4 bxc3 33. bxc3 Qb1 34. a4 Qa1 35. Qb3 Kg7 36. d5 Bd6 37. c4 f6 38. Qb5 Be5 39. c5 Qd1 40. d6
1-0

[Event "Hand by hand (mano a mano)"]
[Site "SchemingMind.com"]
[Date "2006.03.28"]
[Round "-"]
[White "e_castle3"]
[Black "PackoJones1000"]
[Result "0-1"]
[WhiteCountry "PHI"]
[BlackCountry "ESP"]
[WhiteElo "1680"]
[WhiteRD "74"]
[BlackElo "2142"]
[BlackRD "68"]
[GameID "44317"]

1. e4 e5 2. Nf3 Nc6 3. Bb5 a6 4. Ba4 Nf6 5. O-O Nxe4 6. Re1 Nc5 7. Bxc6 dxc6 8. Nxe5 Be7 9. d4 Ne6 10. Be3 O-O
11. Nc3 Bd6 12. f4 f6 13. Nd3 Be7 14. Ne2 f5 15. c3 b6 16. Qb3 a5 17. Ne5 Qd6 18. Rad1 Bh4 19. g3 Bf6 20. Nc1 a4
21. Qc4 Ba6 22. Qb4 Qxb4 23. cxb4 Bxe5 24. dxe5 Rfd8 25. Kf2 Bc4 26. h3 Rd5 27. Rxd5 cxd5 28. a3 c5 29. bxc5 bxc5 30. Ne2 d4
31. Bc1 Bd3 32. g4 c4 33. Ng3 fxg4 34. hxg4 Nc5 35. f5 Bc2 36. e6 Nd3+
0-1

[Event "Hand by hand (mano a mano)"]
[Site "SchemingMind.com"]
[Date "2006.03.28"]
[Round "-"]
[White "e_castle3"]
[Black "BogusAurelius"]
[Result "0-1"]
[WhiteCountry "PHI"]
[BlackCountry "USA"]
[WhiteElo "1671"]
[WhiteRD "70"]
[BlackElo "1921"]
[BlackRD "78"]
[GameID "44318"]

1. e4 c5 2. Nf3 e6 3. Bc4 a6 4. O-O b5 5. Be2 Bb7 6. d3 d6 7. Re1 Nf6 8. Bg5 Nbd7 9. Nbd2 Be7 10. c3 O-O
11. Bf1 h6 12. Bh4 e5 13. Rc1 Re8 14. Bg3 Bf8 15. Qc2 Rc8 16. Nh4 g6 17. Qb3 Kg7 18. f4 exf4 19. Bxf4 Nh5 20. Bg3 Nxg3
21. hxg3 Qg5 22. Kh2 Qxd2
0-1

[Event "Hand by hand (mano a mano)"]
[Site "SchemingMind.com"]
[Date "2006.03.28"]
[Round "-"]
[White "e_castle3"]
[Black "MatdeInverses"]
[Result "0-1"]
[WhiteCountry "PHI"]
[BlackCountry "USA"]
[WhiteElo "1712"]
[WhiteRD "72"]
[BlackElo "1978"]
[BlackRD "46"]
[GameID "44319"]

1. e4 c5 2. Nf3 Nc6 3. Bc4 e6 4. O-O Nf6 5. Re1 Be7 6. c3 d5 7. exd5 exd5 8. Bf1 O-O 9. d4 Bg4 10. h3 Bh5
11. g4 Bg6 12. Bg2 Re8 13. Be3 c4 14. Nbd2 Ne4 15. Rc1 Bf6 16. b3 b5 17. Bf1 Qa5 18. Nxe4 Bxe4 19. Nd2 Bg6 20. Bg2 Rad8
21. bxc4 bxc4 22. Nxc4 Qxa2 23. Nd2 Qa6 24. Qb3 Be4 25. Nxe4 dxe4 26. Ra1 Qc8 27. g5 Be7 28. Bxe4 Bd6 29. Bg2 Bb8 30. Rec1 Qc7
31. Qb5 Ne7 32. Kf1 Ng6 33. Qd3 Nh4 34. Be4 Qh2 35. Bd2 Bf4 36. Bxf4 Qxf4 37. Bc6 Qxg5 38. Re1 Rxe1+ 39. Rxe1 g6 40. Qg3 Qf6
41. Bh1 Nf5= 42. Qe5 Qxe5 43. Rxe5 Rc8 44. Rc5 Rxc5 45. dxc5 Kf8 46. Ke2 Ke7 47. Bb7 Kd7 48. Kd3 Kc7 49. Bd5 f6 50. Kc4 Ne7
51. Be4 h6 52. Kb5 f5 53. Bg2 g5 54. Ka6 Ng6 55. Bf1 Kc6 56. Kxa7 Kxc5 57. Bd3 Ne7 58. Kb7 g4 59. hxg4 fxg4 60. Be2 h5
61. Bd3 Nd5 62. Bg6 h4 63. Bf5 Nf6 64. Bd3 h3 65. Bf1 Ne4 66. f3 Ng3
0-1

[Event "Hand by hand (mano a mano)"]
[Site "SchemingMind.com"]
[Date "2006.03.28"]
[Round "-"]
[White "Magnanimous"]
[Black "e_castle3"]
[Result "0-1"]
[WhiteCountry "CAN"]
[BlackCountry "PHI"]
[WhiteElo "1425"]
[WhiteRD "89"]
[BlackElo "1680"]
[BlackRD "74"]
[GameID "44320"]

1. d4 d5 2. c4 c6 3. e3 Bf5 4. Nc3 e6 5. c5 b6 6. cxb6 axb6 7. Nf3 Nf6 8. b3 Bd6 9. Be2 O-O 10. O-O Qc7
11. h3 Nbd7 12. Bb2 h6 13. a4 Rfe8 14. Ba3 e5 15. Bxd6 Qxd6 16. Qb1 Bxb1 17. Rfxb1 e4 18. Nd2 Qb4 19. Rc1 c5 20. dxc5 bxc5
21. Rc2 d4 22. Na2 Qb6 23. Bc4 d3 24. Rb2 Rxa4 25. bxa4 Qxb2 26. Nb3 Rb8 27. Nac1 d2 28. Ra2 d1=Q+ 29. Kh2 Qe5+ 30. g3 Qeh5
31. Rd2 Ng4+ 32. Kg2 Qf3+ 33. Kf1 Qxh3+ 34. Ke1 Qhh1+ 35. Bf1 Nxe3 36. Re2 Qxf1+ 37. Kd2 Nc4+ 38. Kc2 Rxb3 39. Nxb3 Q1xe2+ 40. Kc1 Qd1#
0-1

[Event "Hand by hand (mano a mano)"]
[Site "SchemingMind.com"]
[Date "2006.03.28"]
[Round "-"]
[White "dvaldez"]
[Black "e_castle3"]
[Result "0-1"]
[WhiteCountry "CAN"]
[BlackCountry "PHI"]
[WhiteElo "1806"]
[WhiteRD "83"]
[BlackElo "1723"]
[BlackRD "70"]
[GameID "44321"]

1. e4 e6 2. d4 d5 3. Nd2 dxe4 4. Nxe4 h6 5. Nf3 Nf6 6. Bd3 Be7 7. O-O O-O 8. Nxf6+ Bxf6 9. Ne5 Nd7 10. Qh5 Bxe5
11. dxe5 f5 12. exf6 Nxf6 13. Qg6 Qe8 14. Qg3 Qh5 15. Qxc7 e5 16. Qc4+ Kh8 17. Be3 a6 18. Bb6 Bd7 19. a4 Rac8 20. Qb4 Rfe8
21. f3 Qg5 22. Rae1 Nd5 23. Qe4 Nf6 24. Qxb7 Rb8 25. Qxa6 Nd5 26. Bf2 Nf4
0-1

[Event "Hand by hand (mano a mano)"]
[Site "SchemingMind.com"]
[Date "2006.03.29"]
[Round "-"]
[White "griffimv"]
[Black "e_castle3"]
[Result "1-0"]
[WhiteCountry "INT"]
[BlackCountry "PHI"]
[WhiteElo "2070"]
[WhiteRD "81"]
[BlackElo "1680"]
[BlackRD "74"]
[GameID "44322"]

1. e4 e6 2. d4 d5 3. Nd2 dxe4 4. Nxe4 h6 5. Nf3 Nf6 6. Bd3 Nc6 7. O-O Be7 8. Nxf6+ Bxf6 9. c3 O-O 10. Re1 b6
11. Qe2 Bb7 12. Qe4 g6 13. Bxh6 Re8 14. Qf4 Bh8 15. Ng5 Re7 16. Qg3 Rd7 17. Nxe6 Qf6 18. Bg5
1-0

[Event "Hand by hand (mano a mano)"]
[Site "SchemingMind.com"]
[Date "2006.03.29"]
[Round "-"]
[White "gz4bkn"]
[Black "e_castle3"]
[Result "0-1"]
[WhiteCountry "USA"]
[BlackCountry "PHI"]
[WhiteElo "1304"]
[WhiteRD "81"]
[BlackElo "1680"]
[BlackRD "74"]
[GameID "44323"]

1. e4 e6 2. d4 d5 3. e5 c5 4. c3 Ne7 5. Nf3 Ng6 6. Qb3 Nc6 7. c4 cxd4 8. cxd5 exd5 9. Bg5 Be7 10. Bd3 Ngxe5
11. Bxe7 Qxe7 12. Nxe5 Qxe5+ 13. Kf1 O-O 14. Nd2 Re8 15. Nf3 Qd6 16. Qc2 h6 17. Qa4 Bg4 18. Qd1 Ne5 19. Be2 Nxf3 20. gxf3 Bh3+
21. Ke1 Bg2 22. Rg1 Qxh2 23. Kd2 Rac8 24. Qb3 Qf4+ 25. Ke1 Bxf3 26. Qxb7 Bxe2 27. Qxa7 Bb5+ 28. Kd1 Qf3+ 29. Kd2 Qe2#
0-1

[Event "Hand by hand (mano a mano)"]
[Site "SchemingMind.com"]
[Date "2006.03.28"]
[Round "-"]
[White "iain"]
[Black "e_castle3"]
[Result "0-1"]
[WhiteCountry "USA"]
[BlackCountry "PHI"]
[WhiteElo "1280"]
[WhiteRD "106"]
[BlackElo "1671"]
[BlackRD "70"]
[GameID "44324"]

1. Nf3 Nc6 2. e4 e5 3. Bb5 a6 4. Ba4 b5 5. Bb3 Nf6 6. Nc3 Bc5 7. O-O O-O 8. Re1 d6 9. Nd5 Bg4 10. h3 Bh5
11. Nxf6+ Qxf6 12. c4 Nd4 13. cxb5 Nxf3+ 14. gxf3 Bxf3 15. Qc2 Qg5+
0-1

[Event "Hand by hand (mano a mano)"]
[Site "SchemingMind.com"]
[Date "2006.03.28"]
[Round "-"]
[White "PackoJones1000"]
[Black "e_castle3"]
[Result "1-0"]
[WhiteCountry "ESP"]
[BlackCountry "PHI"]
[WhiteElo "2139"]
[WhiteRD "71"]
[BlackElo "1671"]
[BlackRD "70"]
[GameID "44325"]

1. e4 e6 2. d4 d5 3. Nc3 dxe4 4. Nxe4 h6 5. Nf3 Nf6 6. Bd3 Nc6 7. O-O Be7 8. c3 O-O 9. Nxf6+ Bxf6 10. Bf4 b6
11. Qe2 a5 12. Qe4 Bd7 13. Qh7#
1-0

[Event "Hand by hand (mano a mano)"]
[Site "SchemingMind.com"]
[Date "2006.03.28"]
[Round "-"]
[White "BogusAurelius"]
[Black "e_castle3"]
[Result "1-0"]
[WhiteCountry "USA"]
[BlackCountry "PHI"]
[WhiteElo "1921"]
[WhiteRD "78"]
[BlackElo "1671"]
[BlackRD "70"]
[GameID "44326"]

1. e4 e6 2. d4 d5 3. Nd2 dxe4 4. Nxe4 h6 5. Nf3 Nf6 6. Bd3 Nc6 7. c3 Be7 8. O-O O-O 9. Qe2 b6 10. Nxf6+ Bxf6
11. Qe4 Bd7 12. Qh7#
1-0

[Event "Hand by hand (mano a mano)"]
[Site "SchemingMind.com"]
[Date "2006.03.28"]
[Round "-"]
[White "MatdeInverses"]
[Black "e_castle3"]
[Result "1-0"]
[WhiteCountry "USA"]
[BlackCountry "PHI"]
[WhiteElo "1898"]
[WhiteRD "52"]
[BlackElo "1671"]
[BlackRD "70"]
[GameID "44327"]

1. c4 Nf6 2. g3 g6 3. Bg2 Bg7 4. Nc3 O-O 5. Nf3 d6 6. O-O c6 7. d3 Bg4 8. Bg5 Qd7 9. Qc1 Rc8 10. Re1 Na6
11. a3 Nc5 12. Qc2 Ne6 13. Be3 Nf8 14. Rad1 Bh3 15. Bh1 Ng4 16. Bc1 h6 17. b4 e5 18. d4 exd4 19. Nxd4 Ne5 20. Ne4 Nh7
21. c5 d5 22. Nd6 Rd8 23. f4 Ng4 24. e4 Bf8 25. exd5 Bxd6 26. dxc6 bxc6 27. cxd6 Rac8 28. Nxc6 Re8 29. Re7
1-0

[Event "Hand by hand (mano a mano)"]
[Site "SchemingMind.com"]
[Date "2006.03.28"]
[Round "-"]
[White "Aumonde"]
[Black "Magnanimous"]
[Result "1-0"]
[WhiteCountry "USA"]
[BlackCountry "CAN"]
[WhiteElo "2151"]
[WhiteRD "61"]
[BlackElo "1417"]
[BlackRD "90"]
[GameID "44337"]

1. d4 Nf6 2. c4 c5 3. d5 b5 4. cxb5 a6 5. bxa6 Bxa6 6. g3 d6 7. Bg2 g6 8. b3 Bg7 9. Bb2 Nbd7 10. Nh3 O-O
11. O-O Qc7 12. Qd2 Rfb8 13. Na3 Nb6 14. Nf4 Bh6 15. Rfd1 c4 16. Rac1 Qc5 17. e3 Nbd7 18. Nxc4 Bxf4 19. exf4 e6 20. dxe6 fxe6
21. Bxa8 Rxa8 22. Ne3 Qb6 23. Qxd6 Qb7 24. Qxe6+
1-0

[Event "Hand by hand (mano a mano)"]
[Site "SchemingMind.com"]
[Date "2006.03.28"]
[Round "-"]
[White "Aumonde"]
[Black "dvaldez"]
[Result "1-0"]
[WhiteCountry "USA"]
[BlackCountry "CAN"]
[WhiteElo "2163"]
[WhiteRD "59"]
[BlackElo "1880"]
[BlackRD "86"]
[GameID "44338"]

1. c4 Nf6 2. g3 g6 3. Bg2 Bg7 4. d4 O-O 5. Nf3 d6 6. O-O c5 7. dxc5 dxc5 8. Nc3 Nc6 9. Be3 Qa5 10. Qb3 Ng4
11. Bd2 Qb4 12. Na4 Qxb3 13. axb3 Bf5 14. Nxc5 b6 15. Nh4 Rac8 16. Nxf5 gxf5 17. Bxc6 Rxc6 18. Nd3 a5 19. Bc3 Rh6 20. f3 Ne3
21. Rfc1 Rd8 22. Bxg7 Kxg7 23. Rc3 Re6 24. Nf4 Re5 25. Rac1 Rd2 26. Rd3 Rxd3 27. exd3 b5 28. d4
1-0

[Event "Hand by hand (mano a mano)"]
[Site "SchemingMind.com"]
[Date "2006.03.28"]
[Round "-"]
[White "Aumonde"]
[Black "e_castle3"]
[Result "1-0"]
[WhiteCountry "USA"]
[BlackCountry "PHI"]
[WhiteElo "2163"]
[WhiteRD "59"]
[BlackElo "1680"]
[BlackRD "74"]
[GameID "44339"]

1. c4 Nf6 2. g3 g6 3. Bg2 Bg7 4. d4 O-O 5. Nf3 c6 6. O-O e6 7. c5 d6 8. cxd6 Qxd6 9. Nc3 Nbd7 10. Bf4 Qe7
11. e4 b5 12. e5 Nd5 13. Nxd5 exd5 14. Qc2 Bb7 15. Rfe1 Nb6 16. h4 a5 17. h5 Nc4 18. h6 Bh8 19. Bg5 Qe6 20. a4 b4
21. Rad1 Rac8 22. Kh2 Rc7 23. Bh3 Qe8 24. b3 Na3 25. Qc5 Qa8 26. Qd6 Qb8 27. Bf6
1-0

[Event "Hand by hand (mano a mano)"]
[Site "SchemingMind.com"]
[Date "2006.03.28"]
[Round "-"]
[White "Aumonde"]
[Black "griffimv"]
[Result "0-1"]
[WhiteCountry "USA"]
[BlackCountry "INT"]
[WhiteElo "2127"]
[WhiteRD "61"]
[BlackElo "2145"]
[BlackRD "73"]
[GameID "44340"]

1. e4 c5 2. Nf3 d6 3. d4 cxd4 4. Nxd4 Nf6 5. Nc3 a6 6. Be2 e5 7. Nb3 Be7 8. Bg5 Nbd7 9. O-O O-O 10. Qd2 h6
11. Bh4 b5 12. a4 b4 13. Nd5 Nxd5 14. Qxd5 Ra7 15. Bxe7 Qxe7 16. Qa5 Nc5 17. Rfd1 Qc7 18. Qxb4 Rb7 19. Qa3 Nxe4 20. Bd3 f5
21. Nd2 Nc5 22. Bc4+ Be6 23. Bxe6+ Nxe6 24. Qa2 Re8 25. Nc4 d5 26. Rxd5 Kh7 27. Rd2 Nd4 28. Rad1 Rbb8 29. b3 f4 30. Qb1 Kg8
31. f3 Nf5 32. Re1 e4 33. Rxe4 Qc5+ 34. Kh1 Rxe4 35. fxe4 Ne3 36. Qg1 Qb4 37. Rd3 Nxc2 38. e5 Na3 39. Nd2 Re8 40. Nf3 Nc2
41. Qa7 Ne3 42. Qxa6 Qe4 43. Rc3 Qb1+ 44. Ng1 Qe4 45. Qc6 Qxe5 46. Rc5 Qe7 47. Rb5 Kh7 48. Qf3 Qd6 49. Nh3 Nd1 50. Ng5+ Kg8
0-1

[Event "Hand by hand (mano a mano)"]
[Site "SchemingMind.com"]
[Date "2006.03.28"]
[Round "-"]
[White "Aumonde"]
[Black "gz4bkn"]
[Result "1-0"]
[WhiteCountry "USA"]
[BlackCountry "USA"]
[WhiteElo "2151"]
[WhiteRD "61"]
[BlackElo "1265"]
[BlackRD "111"]
[GameID "44341"]

1. d4 d5 2. c4 Nf6 3. cxd5 e6 4. dxe6 Bxe6 5. Nf3 Nc6 6. a3 g6 7. Nc3 Bf5 8. d5 Ne7 9. e4 Nxe4 10. Nxe4 Bxe4
11. Qa4+ c6 12. Qxe4 cxd5 13. Bb5+ Qd7 14. Bxd7+ Kxd7 15. Ne5+ Ke8 16. Qa4+ Kd8 17. Qd7#
1-0

[Event "Hand by hand (mano a mano)"]
[Site "SchemingMind.com"]
[Date "2006.03.28"]
[Round "-"]
[White "Aumonde"]
[Black "iain"]
[Result "1-0"]
[WhiteCountry "USA"]
[BlackCountry "USA"]
[WhiteElo "2151"]
[WhiteRD "61"]
[BlackElo "1280"]
[BlackRD "106"]
[GameID "44342"]

1. c4 Nf6 2. Nc3 d6 3. d4 g6 4. e4 Bg7 5. Be2 O-O 6. Bg5 c5 7. dxc5 dxc5 8. Qxd8 Rxd8 9. e5 Re8 10. exf6 exf6
11. Be3 Nc6 12. Bxc5 b6 13. Be3 Bf5 14. Nf3 Rad8 15. O-O Bd3 16. Bxd3 f5 17. Rad1 Nb4 18. Bb1 Nc6 19. Rxd8 Rxd8 20. Rd1 Rxd1+
21. Nxd1 Ne5 22. Nxe5 Bxe5 23. f4 Bd6 24. Nc3 h6 25. Nb5 Bc5 26. Bxc5
1-0

[Event "Hand by hand (mano a mano)"]
[Site "SchemingMind.com"]
[Date "2006.03.28"]
[Round "-"]
[White "Aumonde"]
[Black "PackoJones1000"]
[Result "1/2-1/2"]
[WhiteCountry "USA"]
[BlackCountry "ESP"]
[WhiteElo "2151"]
[WhiteRD "61"]
[BlackElo "2139"]
[BlackRD "71"]
[GameID "44343"]

1. e4 e5 2. Nf3 Nc6 3. Bb5 a6 4. Bxc6 dxc6 5. d4 exd4 6. Qxd4 Qxd4 7. Nxd4 Bd7 8. Be3 O-O-O 9. Nc3 Bd6 10. O-O-O Ne7
11. Nb3 Rhe8 12. Nc5 Ng6 13. f3 b6 14. Nxd7 Rxd7 15. g3 f6 16. a3 Ne5 17. f4 Nc4 18. Rhe1 g5 19. fxg5 Nxe3 20. Rxe3 fxg5
21. Rf3 Rde7 22. Rf5 h6 23. Rf6 Re6 24. Rxe6 Rxe6 25. Rf1=
1/2-1/2

[Event "Hand by hand (mano a mano)"]
[Site "SchemingMind.com"]
[Date "2006.03.28"]
[Round "-"]
[White "Aumonde"]
[Black "BogusAurelius"]
[Result "1-0"]
[WhiteCountry "USA"]
[BlackCountry "USA"]
[WhiteElo "2151"]
[WhiteRD "61"]
[BlackElo "1921"]
[BlackRD "78"]
[GameID "44344"]

1. e4 c5 2. c3 e6 3. d4 d5 4. exd5 exd5 5. Nf3 Nc6 6. Bb5 Bd6 7. O-O Ne7 8. dxc5 Bxc5 9. Nbd2 O-O 10. Nb3 Bd6
11. Nbd4 Bg4 12. Qa4 Bh5 13. Bd3 h6 14. Be3 a6 15. Qb3 Na5 16. Qc2 Nc4 17. Rfe1 Rc8 18. Rad1 Qc7 19. h3 Bg6 20. Bxg6 Nxg6
21. Nf5 Rcd8 22. Bd4 Nce5 23. Bxe5 Nxe5 24. Nxe5 Bxe5 25. Ne3 Rfe8 26. Nxd5 Qb8 27. c4 Re6 28. Kf1 Rde8 29. a4 b5 30. cxb5 axb5
31. a5 b4 32. Qa4 b3 33. a6 Qa7 34. Nb4 Bxb2 35. Rxe6 Rxe6 36. Nc6 Qc7 37. a7 Qh2 38. a8=Q+ Kh7 39. Ne5 Qh1+ 40. Ke2 Rxe5+
41. Q8e4+
1-0

[Event "Hand by hand (mano a mano)"]
[Site "SchemingMind.com"]
[Date "2006.03.28"]
[Round "-"]
[White "Aumonde"]
[Black "MatdeInverses"]
[Result "1-0"]
[WhiteCountry "USA"]
[BlackCountry "USA"]
[WhiteElo "2163"]
[WhiteRD "59"]
[BlackElo "1956"]
[BlackRD "47"]
[GameID "44345"]

1. e4 c5 2. Nf3 Nc6 3. c3 Nf6 4. e5 Nd5 5. d4 cxd4 6. Bc4 Nb6 7. Bb3 d5 8. cxd4 Bg4 9. Be3 e6 10. O-O Be7
11. h3 Bh5 12. Nbd2 O-O 13. Bc2 Bg6 14. Bxg6 hxg6 15. Qe2 Rc8 16. Rac1 Qd7 17. Rfd1 Na5 18. Rxc8 Rxc8 19. b3 Rc2 20. Ra1 a6
21. Ne1 Rc7 22. Ndf3 Nc6 23. Qb2 Na7 24. Nd3 Nb5 25. a4 Na7 26. Bd2 Nbc8 27. Ba5 b6 28. Bd2 a5 29. Bc3 Nc6 30. Rc1 N8a7
31. Bd2 Nb4 32. Nxb4 axb4 33. Qa1 Qc8 34. Rxc7 Qxc7 35. Qe1 Nc6 36. Qc1 Bd8 37. Qd1 Qa7 38. Qc2 Qc7 39. Qd3 Be7 40. Qb5 Kf8
41. Qa6 Kg8 42. Kf1 Na5 43. Qd3 Nc4 44. bxc4 dxc4 45. Qc2 Qc6 46. Qa2 Bf8 47. Kg1 c3 48. Bc1 Qd5 49. Qxd5 exd5 50. Ne1 b3
51. Nd3 Be7 52. g3 Kf8 53. Kf1 Bb4 54. Ke2 Ke8 55. Kd1 Be7 56. Nf4
1-0

[Event "Hand by hand (mano a mano)"]
[Site "SchemingMind.com"]
[Date "2006.03.28"]
[Round "-"]
[White "Magnanimous"]
[Black "Aumonde"]
[Result "0-1"]
[WhiteCountry "CAN"]
[BlackCountry "USA"]
[WhiteElo "1417"]
[WhiteRD "90"]
[BlackElo "2151"]
[BlackRD "61"]
[GameID "44346"]

1. e4 e5 2. Nf3 Nf6 3. Nxe5 d6 4. Nf3 Nxe4 5. d3 Nf6 6. Be2 d5 7. Be3 Nc6 8. d4 Be6 9. c3 Bd6 10. Nbd2 O-O
11. Qc2 Ng4 12. g3 Nxe3 13. fxe3 Qf6 14. Rf1 Rfe8 15. Bd3 Bh3 16. Bxh7+ Kh8 17. Ne5 Bxf1 18. Nd7 Rxe3+ 19. Kd1 Qf2 20. Qb3 Bd3
21. Bxd3 Rxd3 22. Kc1 Qxd2+ 23. Kb1 Qe1+
0-1

[Event "Hand by hand (mano a mano)"]
[Site "SchemingMind.com"]
[Date "2006.03.28"]
[Round "-"]
[White "dvaldez"]
[Black "Aumonde"]
[Result "0-1"]
[WhiteCountry "CAN"]
[BlackCountry "USA"]
[WhiteElo "1846"]
[WhiteRD "84"]
[BlackElo "2127"]
[BlackRD "61"]
[GameID "44347"]

1. e4 e6 2. d4 d5 3. Nd2 Nf6 4. e5 Ne4 5. Nxe4 dxe4 6. Bc4 c5 7. d5 Nd7 8. dxe6 fxe6 9. f4 Qh4+ 10. g3 Qh6
11. Qe2 Qg6 12. Nh3 a6 13. a4 Nb6 14. Nf2 Bd7 15. b3 Bc6 16. Be3 Be7 17. O-O-O Nd5 18. Kb2 b5 19. axb5 axb5 20. Bxb5 Bxb5
21. Qxb5+ Kf7 22. Bd2 e3 23. f5 Qxf5 24. Nd3 exd2 25. Rhf1 Ra2+ 26. Kxa2 Nc3+ 27. Kb2 Nxb5 28. Rxf5+ exf5 29. Rxd2 Rc8 30. Nf4 g5
0-1

[Event "Hand by hand (mano a mano)"]
[Site "SchemingMind.com"]
[Date "2006.03.29"]
[Round "-"]
[White "e_castle3"]
[Black "Aumonde"]
[Result "0-1"]
[WhiteCountry "PHI"]
[BlackCountry "USA"]
[WhiteElo "1712"]
[WhiteRD "72"]
[BlackElo "2127"]
[BlackRD "61"]
[GameID "44348"]

1. e4 c6 2. d4 d5 3. e5 Bf5 4. f4 e6 5. Nf3 Bb4+ 6. c3 Ba5 7. Be3 Ne7 8. Nbd2 O-O 9. Nb3 Nd7 10. Bd3 Bb6
11. O-O a5 12. a4 Re8 13. Rc1 Qc7 14. c4 Bxd3 15. Qxd3 dxc4 16. Qxc4 Nf8 17. Kh1 Nd5 18. Bd2 Ng6 19. g3 Nge7 20. Ng5 h6
21. Ne4 Nf5 22. Rf3 h5 23. Rc2 Qb8 24. h3 Qa7 25. Nbc5 Rad8 26. Rd3 Bc7 27. g4 Nfe7 28. Rg3 Bb6 29. Qd3 hxg4 30. hxg4 Bxc5
31. Nxc5 Ng6 32. f5 Nxe5 33. Qf1 Nd7 34. fxe6 fxe6 35. Bg5 Nxc5 36. dxc5 Nb4 37. Rh2 Qxc5 38. Rgh3 Qd5+ 39. Kg1 Qd4+ 40. Kh1 Qe4+
41. Kg1= Qxg4+ 42. Kh1 Qe4+ 43. Kg1 Qd4+ 44. Kh1 Qd5+
0-1

[Event "Hand by hand (mano a mano)"]
[Site "SchemingMind.com"]
[Date "2006.03.29"]
[Round "-"]
[White "griffimv"]
[Black "Aumonde"]
[Result "1-0"]
[WhiteCountry "INT"]
[BlackCountry "USA"]
[WhiteElo "2145"]
[WhiteRD "73"]
[BlackElo "2127"]
[BlackRD "61"]
[GameID "44349"]

1. e4 c6 2. d4 d5 3. Nc3 dxe4 4. Nxe4 Bf5 5. Ng3 Bg6 6. h4 h6 7. Nf3 Nd7 8. h5 Bh7 9. Bd3 Bxd3 10. Qxd3 Qc7
11. Bd2 Ngf6 12. O-O-O e6 13. Ne4 Nd5 14. c4 N5f6 15. Nxf6+ Nxf6 16. Ne5 Bd6 17. f4 O-O 18. g4 Rad8 19. g5 hxg5 20. h6 g6
21. Nxg6 fxg6 22. Qxg6+ Kh8 23. fxg5 Nh7 24. Qxe6 Rde8 25. Qg4 Rf4 26. Qh5 Qd7 27. Rde1 Rg8 28. g6 Nf6 29. Qg5 Rf5 30. g7+ Kh7
31. Qe3 Re8 32. Qd3 Rxe1+ 33. Rxe1 Kg8 34. c5 Bc7 35. Qb3+ Qd5 36. Qxb7 Bd8 37. Qb3 Qxb3 38. axb3 Kh7 39. b4 Ng8 40. Re5 Rf1+
41. Kc2 Bf6 42. Re6 Rf5 43. Rxc6 Bg5 44. Bxg5 Rxg5 45. Ra6 Rg2+ 46. Kd3 Nxh6 47. Rxa7 Rg3+ 48. Kc4 Nf5 49. b5 Ne3+ 50. Kd3 Nd5+
51. Ke4 Nf6+ 52. Ke5
1-0